Vplyv hospodárskej politiky na formovanie znalostnej ekonomiky

Dôležitosť znalostnej ekonomiky a vplyv hospodárskej politiky pri jej formovaní. Porovnanie výkonnosti ekonomiky členských štátov Európskej únie. Veda, výskum, vzdelanie, ľudský kapitál ako priority hospodárskej politiky. Starostlivosť o človeka a vytvorenie podmienok pre šírenie znalostí a ich vyu...

ver descrição completa

Na minha lista:
Detalhes bibliográficos
Autor principal: Blašková, Mária
Formato: Capítulo de Livro
Idioma:eslovaco
Assuntos:
Tags: Adicionar Tag
Sem tags, seja o primeiro a adicionar uma tag!

MARC

LEADER 00000nla$a2200000$$$4500
001 0075998
005 20240502071905.3
041 0 |a slo 
044 |a SK 
245 1 0 |a Vplyv hospodárskej politiky na formovanie znalostnej ekonomiky  |c Mária Blašková 
520 |a Dôležitosť znalostnej ekonomiky a vplyv hospodárskej politiky pri jej formovaní. Porovnanie výkonnosti ekonomiky členských štátov Európskej únie. Veda, výskum, vzdelanie, ľudský kapitál ako priority hospodárskej politiky. Starostlivosť o človeka a vytvorenie podmienok pre šírenie znalostí a ich využitie k úspechu budovania znalostnej ekonomiky. 
610 2 0 |a politika hospodárska 
610 2 0 |a ekonomika vedomostná 
610 2 0 |a vedomosti 
610 2 0 |a konkurencieschopnosť 
610 2 0 |a výkonnosť ekonomiky 
100 1 |a Blašková, Mária